ბათუმის შოთა რუსთაველის სახელმწიფო უნივერსიტეტის ბიბლიოთეკა

Гомотопически инвариантные алгебраические структуры на топологических пространствах (ბიბ.ჩანაწერი № 48065)

000 -LEADER
fixed length control field 00807nam a2200205Ia 4500
001 - CONTROL NUMBER
control field 14945
003 - CONTROL NUMBER IDENTIFIER
control field GE_BSU
008 - FIXED-LENGTH DATA ELEMENTS--GENERAL INFORMATION
fixed length control field 181216s||||||||xx |||||||||||||| ||und||
040 ## - CATALOGING SOURCE
Transcribing agency GE_BSU
080 ## - UNIVERSAL DECIMAL CLASSIFICATION NUMBER
Universal Decimal Classification number 512
100 ## - MAIN ENTRY--PERSONAL NAME
Personal name Бордман,Дж.
245 ## - TITLE STATEMENT
Title Гомотопически инвариантные алгебраические структуры на топологических пространствах
245 ## - TITLE STATEMENT
Statement of responsibility, etc. Под.ред.М.М.Постникова. Пер. с англ.С.Н. Малыгина
260 ## - PUBLICATION, DISTRIBUTION, ETC.
Place of publication, distribution, etc. Москва
260 ## - PUBLICATION, DISTRIBUTION, ETC.
Name of publisher, distributor, etc. Мир
260 ## - PUBLICATION, DISTRIBUTION, ETC.
Date of publication, distribution, etc. 1977
300 ## - PHYSICAL DESCRIPTION
Extent 406стр.22см.
653 ## - INDEX TERM--UNCONTROLLED
Uncontrolled term Гомотопически инвариантные алгебраические структуры на топологических пространствах
942 ## - ADDED ENTRY ELEMENTS (KOHA)
Koha item type წიგნი
ეგზემპლარები
Withdrawn status Lost status Damaged status Not for loan Date acquired Barcode Date last seen Price effective from Koha item type
        2018-12-17 15728 2018-12-17 2018-12-17 წიგნი
        2018-12-17 15322 2018-12-17 2018-12-17 წიგნი